Plats avec des Pommes de Terre / Patates - Mort Subite - Statistiques

Statistiques générales
  • Ce quiz a été pris 439 fois
  • Le résultat moyen est 6 sur 16
Answers on the Grid
Answers color-coded by a green-red scale on the quiz's grid according to % correct below.
Aligot
Poutine
Pâté chinois
Gnocchi al Castelmagno
Tourtière du Lac-Saint-Jean
Gratin dauphinois
Salade piémontaise
Stamppot
Pommes duchesse
Bryndzové halušky
Tartiflette
Quarkkäulchen
Tortilla espagnole
Moules-frites
Hash brown
Aloo matar
Guacamole
Sopa de patas
Gougères
Pom
Bulgogi
Philly cheesesteak
Bethmännchen
Quiche lorraine
Parmigiana di melanzane
Salade César
Poularde aux morilles
Gratin de chouchou
 
Statistiques - réponses
Réponse % Correct
Tartiflette
72%
Gratin dauphinois
71%
Pommes duchesse
66%
Moules-frites
65%
Poutine
63%
Aligot
58%
Tortilla espagnole
58%
Salade piémontaise
52%
Gnocchi al Castelmagno
46%
Hash brown
22%
Tourtière du Lac-Saint-Jean
12%
Quarkkäulchen
9%
Bryndzové halušky
8%
Pâté chinois
8%
Stamppot
7%
Aloo matar
4%
Aucun quiz correspondant
Distribution des résultats
% des personnes avec chaque résultat
Percentile par nombre de réponses
Votre historique - résultats
Vous n’avez pas pris ce quiz